Nesteen huoltoasemat - Statistics

Yleistilastot
  • Tätä visaa on pelattu 75 kertaa
  • Keskiarvotulos 48 / 119
Vastaustilastot
Maakunta Asema % Oikein
Uusimaa Helsinki Eläintarha
82%
Uusimaa Helsinki Oulunkylä
82%
Päijät-Häme Lahti Taukotuuli
82%
Lappi Rovaniemi Reissumies
79%
Uusimaa Espoo Mankki
76%
Uusimaa Espoo Muurala
76%
Pohjois-Pohjanmaa Ii Kauppatie
76%
Uusimaa Vantaa Keimola Länsi
76%
Uusimaa Vantaa Tikkurila Kehä 3
76%
Keski-Suomi Jyväskylä Kirri
74%
Pirkanmaa Tampere Hatanpää
74%
Pirkanmaa Tampere Teiskontie
74%
Varsinais-Suomi Turku Hämeentie
74%
Varsinais-Suomi Turku Kaskentie
74%
Varsinais-Suomi Turku Satama
74%
Pohjois-Pohjanmaa Oulu Hiironen
71%
Pohjois-Pohjanmaa Oulu Isko
71%
Pohjois-Pohjanmaa Oulu Maikkula
71%
Etelä-Pohjanmaa Peräseinäjoki
71%
Keski-Suomi Jyväskylä Tourula
68%
Etelä-Pohjanmaa Seinäjoki Vapaudentie
68%
Pohjois-Karjala Joensuu Niinivaarantie
65%
Pohjois-Karjala Joensuu Noljakka
65%
Lappi Kemi Lapintuuli
65%
Pohjanmaa Vähäkyrö Tervajoki
65%
Päijät-Häme Lahti Karisto
62%
Satakunta Pori PorinPortti
62%
Satakunta Pori Siltapuisto
62%
Satakunta Pori Tiilimäki
62%
Pohjois-Savo Kuopio Puijonlaakso
59%
Pohjois-Savo Kuopio Särkiniemi
59%
Pohjois-Savo Kuopio Sorsasalo
59%
Etelä-Pohjanmaa Lapua
59%
Päijät-Häme Heinola Vierumäki Matkakeidas
56%
Etelä-Karjala Lappeenranta Kauppakatu
56%
Kanta-Häme Tuulos
56%
Kanta-Häme Hämeenlinna Idänpää
53%
Keski-Suomi Jämsä Jämsänportti
53%
Keski-Suomi Jämsänkoski Koskentie
53%
Varsinais-Suomi Kisko Toija
53%
Keski-Suomi Länkipohja
53%
Lappi Tornio Röyttäntie
53%
Lappi Inari Juutuantörmä
50%
Lappi Inari Saariselkä
50%
Lappi Sodankylä Lompolontie
50%
Lappi Sodankylä Ranniontie
50%
Keski-Suomi Äänekoski Lintulahti
47%
Uusimaa Pusula
47%
Keski-Suomi Äänekoski Kotakennääntie
44%
Päijät-Häme Hollola Hopeakallio Matkakeidas
44%
Pohjois-Pohjanmaa Kuusamo Nilonkangas
44%
Kanta-Häme Riihimäki Kirjauksentie
44%
Lappi Kittilä
41%
Kymenlaakso Kotka Karhula Suurniitynkatu
41%
Pohjois-Pohjanmaa Raahe Pattijoki
41%
Uusimaa Vihti Siippoo
41%
Lappi Posio
38%
Lappi Enontekiö Karesuvanto Käsivarrentie
35%
Päijät-Häme Hartola Jari-Pekka
35%
Pohjois-Karjala Ilomantsi
35%
Kanta-Häme Janakkala Linnatuuli Itä
35%
Pohjois-Karjala Kitee Tolosenmäki
35%
Pirkanmaa Lempäälä Kuokkala
35%
Pirkanmaa Lempäälä Mantunkulma
35%
Etelä-Savo Ristiina
35%
Etelä-Pohjanmaa Kurikka
32%
Lappi Tervola
32%
Pohjois-Savo Varkaus Warkaudenportti
32%
Etelä-Pohjanmaa Alajärvi Hoisko
29%
Päijät-Häme Iitti Kausala Matkakeidas
29%
Uusimaa Kirkkonummi Veikkola
29%
Varsinais-Suomi Naantali Ripikatu
29%
Keski-Suomi Pihtipudas Niemenharju
29%
Pohjois-Pohjanmaa Pudasjärvi Pietarilantie
29%
Pirkanmaa Toijala Kurisjärventie
29%
Pohjois-Karjala Juuka Kolinportti
26%
Pirkanmaa Kangasala Suorama
26%
Satakunta Kankaanpää
26%
Lappi Keminmaa Tupasvilla
26%
Satakunta Harjavalta
24%
Pirkanmaa Ikaalinen
24%
Varsinais-Suomi Kaarina
24%
Etelä-Pohjanmaa Kuortane Mäyry
24%
Pirkanmaa Kylmäkoski
24%
Pohjois-Savo Lapinlahti
24%
Uusimaa Mäntsälä Lahdentie
24%
Pohjois-Karjala Leppävirta Kokoojantie
21%
Uusimaa Loviisa Ankkurituuli
21%
Uusimaa Nurmijärvi Myllykukko
21%
Pohjois-Pohjanmaa Oulainen
21%
Varsinais-Suomi Paimio
21%
Pohjanmaa Pietarsaari Permonkaarre
21%
Keski-Suomi Hankasalmi Jari-Pekka
18%
Pohjois-Savo Joroinen Jari-Pekka
18%
Kanta-Häme Loppi Läyliäinen
18%
Kanta-Häme Loppi Yhdystie
18%
Etelä-Savo Mäntyharju Vihantasalmi
18%
Pohjois-Pohjanmaa Nivala
18%
Kainuu Paltamo Kontiomäki
18%
Etelä-Karjala Rautjärvi Simpele
18%
Pohjois-Pohjanmaa Ruukki Revonlahti
18%
Pohjois-Karjala Heinävesi Karvion kanava
15%
Pohjois-Karjala Heinävesi Kermantie
15%
Keski-Pohjanmaa Kaustinen
15%
Kainuu Paltamo
15%
Etelä-Karjala Ruokolahti
15%
Kanta-Häme Janakkala Linnatuuli Länsi
12%
Varsinais-Suomi Lieto
12%
Pohjois-Pohjanmaa Muhos
12%
Varsinais-Suomi Mynämäki
12%
Pohjanmaa Närpiö Pirttikylä
12%
Pirkanmaa Pälkäne Aapiskukko
12%
Pohjois-Pohjanmaa Pyhäjoki Yppäri
12%
Etelä-Savo Rantasalmi
12%
Pohjois-Savo Sukeva Linnanportti
12%
Pohjanmaa Lillby
6%
Pohjanmaa Pedersöre Edsevö
6%
Keski-Suomi Korpilahti
3%
Pohjois-Pohjanmaa Kempele Ouluntulli
0%
Ehtoja vastaavia visoja ei löytynyt
Tulosjakauma
Jokaisen tuloksen saaneiden osuus
Persentiili vastausten määrän mukaan
Tuloshistoriasi
Et ole pelannut tätä visaa